| 000 | 00723cam a22002532 4500 | ||
|---|---|---|---|
| 001 | 31956 | ||
| 003 | BD-RjUL | ||
| 005 | 20211209051754.0 | ||
| 008 | 140423t1958 sz 000 0 eng d | ||
| 035 | _a(BD-RjUL)32045 | ||
| 040 |
_aWSU _cWSU _dSER _dOCL _dEQO _dBD-RjUL _beng |
||
| 041 | _aeng | ||
| 082 | 0 | 4 |
_a115 _bTET 1958 |
| 090 |
_aB2138.T5 _bT4 |
||
| 100 | 1 |
_aTemmer, Mark J. _997285 |
|
| 245 | 1 | 0 |
_aTime in Rousseau and Kant : _bAn essay on French Pre-Romanticism / |
| 260 |
_aGenève : _bE. Droz, _c1958. |
||
| 300 |
_a79 p. ; _c24 cm. |
||
| 600 | 1 | 0 |
_aRousseau, Jean-Jacques, _d1712-1778. _997289 |
| 600 | 1 | 0 |
_aKant, Immanuel, _d1724-1804. _997290 |
| 650 | 0 |
_aTime. _997288 |
|
| 942 |
_2ddc _cBK |
||
| 999 |
_c31956 _d31956 |
||